25 Indians that Everyone Should Know - Statistics

General Stats
  • This quiz has been taken 967 times
  • The average score is 12 of 25
Answer Stats
Hint Answer % Correct
Ancient The Founder of Buddhism Siddhartha Gautama
92%
Modern The Leader of The Non-Violent Campaign for Indian Independence Mahatma Gandhi
90%
Modern The First Prime Minister of Independent India Jawaharlal Nehru
75%
Ancient *Seventh avatar of Lord Vishnu and central figure of the Ramayana Rama
69%
Ancient *Eighth avatar of Lord Vishnu and central figure of the Mahabharata Krishna
64%
Ancient Mauryan Emperor who Relinquished War and adopted Buddhism Ashoka
58%
Medieval Mughal Emperor who expanded and consolidated Mughal domains in India Akbar
56%
Modern Nobel Laureate in Literature and composer of India's National Anthem Rabindranath Tagore
53%
Modern Aerospace Scientist and Former President , known as India's Missile Man A. P. J. Abdul Kalam
51%
Medieval The Founder of Sikhism Guru Nanak Dev
51%
Modern Pioneer of the investigation of radio and microwave optics, Inventer of the crescograph, and founder of Experimental Science in India J.C Bose
50%
Modern Nobel Peace Prize Laureate and founder of Missionaries of Charity Mother Teresa
50%
Modern The Father of the Indian Constitution Bhimrao Ramji Ambedkar
49%
Medieval Greatest Warrior-Emperor of The Maratha Empire who ran a progressive civil rule with well-structured administrative organisations. Chattrapati Shivaji Mahraj
47%
Modern Nationalist Leader who Raised the Indian National Army Subhas Chandra Bose
45%
Modern Indian aviator, entrepreneur, chairman of the ____ Group, known for his contribution to the Indian Industry. J.R.D Tata
44%
Ancient The Founder of Jainism Mahavira
44%
Ancient Mathematician Astronomer and Physicist who approximated the value of Pi Aryabhatta
39%
Modern Indian physicist who made groundbreaking works in the field of light scattering and discovered the _____ Effect. C.V Raman
35%
Modern First Deputy Prime Minister of India who played a key role in integration of Unified India. Sardar Vallabhbhai Patel
33%
Modern Socialist revolutionary and folk hero of the Indian Independence movement. Bhagat Singh
30%
Medieval Greatest Emperor of the Chola Dynsasty who ensured its supremacy in the Indian Ocean. Raja Raja Chola
27%
Modern Hindu Nationalist who founded the Ramakrishna Mission Swami Vivekananda
26%
Medieval Secular Mystic poet and Saint whose writings influenced the Bhakti movement and whose verses are found in the Guru Granth Sahib Kabir Das
24%
Ancient Greatest Emperor of The Gupta Dynasty who politically unified most of India into a formidable power Samudragupta
19%
No matching quizzes found
Score Distribution
Percent of People with Each Score
Percentile by Number Answered
Your Score History
You have not taken this quiz